Transportation and traffic management

محفوظ في:
التفاصيل البيبلوغرافية
المؤلفون الرئيسيون: Henry, Arnold Kahle (مؤلف), Miller, Sidney Lincoln (مؤلف)
التنسيق: كتاب
اللغة:الإنجليزية
منشور في: Nueva York Alexander Hamilton Institute 1972
الطبعة:1a. ed
سلاسل:Modern Business
الموضوعات:
الوسوم: إضافة وسم
لا توجد وسوم, كن أول من يضع وسما على هذه التسجيلة!

MARC

LEADER 00000cam a2200000 a 4500
001 UCD7254
003 CL-VaPUC
008 170317e19720000us |||||||||||||||||eng|d
082 0 4 |a 388.4  |b HEN  |2 21 
100 0 |a Henry, Arnold Kahle  |e author  |9 591206 
700 0 |a Miller, Sidney Lincoln  |e author  |9 591207 
245 1 0 |a Transportation and traffic management 
250 |a 1a. ed 
300 |a 381 p 
942 |c BK 
945 |d 20170317 22:16:00  |a dcastane 
260 |a Nueva York  |b Alexander Hamilton Institute  |c 1972 
650 7 |a TRANSPORTE DE PASAJEROS  |2 CL-VaPUC  |9 260885 
650 7 |a TRANSPORTE DE CARGA  |2 CL-VaPUC  |9 267314 
583 |a last modification  |c 20170317 22:16:00  |k Rodrigo Vera 
490 0 |a Modern Business 
999 |c 367316  |d 367314 
952 |0 0  |1 0  |3 erd  |4 0  |6 388_400000000000000_HEN_1972  |7 0  |8 A  |9 482140  |a BIBENE  |b BIBENE  |i 5381657  |o 388.4 HEN 1972  |p 5381657  |r 2025-01-15  |w 2019-11-24  |y BK  |z Catalogado en:20170317  |k ICO